Sports Quiz

Random Sports Quiz

Ultimate Frisbee Throwing Techniques Quiz Stats

 Plays Quiz not verified by Sporcle

Challenge
Share
Tweet
Embed
Score 0/9 Timer 05:00
0 Plays Today
% Correct
Backhand
100%
Forehand
99%
Hammer
95.1%
Scoober
83.5%
Push Pass
56.3%
Blade
46.6%
Finn
6.8%
Duck
6.8%
Wheel
5.8%

You're not logged in!

Compare scores with friends on all Sporcle quizzes.
Join for Free
OR
Log In

You Might Also Like...

Show Comments

Extras

Top Quizzes Today


Score Distribution

Your Account Isn't Verified!

In order to create a playlist on Sporcle, you need to verify the email address you used during registration. Go to your Sporcle Settings to finish the process.

Report this User

Report this user for behavior that violates our Community Guidelines.

Details: